[Event "Villa Tehuelches op 5th"]
[Site "Villa Tehuelches"]
[Date "2019.07.14"]
[Round "7"]
[White "Morales Gonzalez, Rodrigo"]
[Black "Fuentes Godoy, Lilia Ivonne"]
[Result "0-1"]
[WhiteElo "1900"]
[BlackElo "2098"]
[PlyCount "66"]
[EventDate "2019.07.11"]
[EventType "swiss"]
[EventRounds "7"]
[EventCountry "CHI"]
[SourceTitle "EXT 2020"]
[Source "ChessBase"]
[SourceDate "2019.10.17"]
[SourceVersion "1"]
[SourceVersionDate "2019.10.17"]
[SourceQuality "1"]

1. d4 d5 2. Nf3 Nf6 3. e3 c6 4. Bd3 Bg4 5. b3 e6 6. Bb2 Bd6 7. Nbd2 Nbd7 8. h3 Bh5 9. Qe2 Qe7 10. g4 Bg6 11. Ne5 Ba3 12. Bxa3 Qxa3 13. Nxd7 Nxd7 14. f4 Bxd3 15. cxd3 Rc8 16. Kf2 0-0 17. Rac1 f6 18. Nb1 Qd6 19. Qf3 c5 20. dxc5 Nxc5 21. Rcd1 Na6 22. Rd2 e5 23. f5 Rc7 24. Rhd1 Rfc8 25. Kg2 Kh8 26. e4 d4 27. Qe2 Nb4 28. Rb2 Nc2 29. Kf3 Ne3 30. Rdd2 Rc1 31. h4 Qf8 32. h5 g6 33. hxg6 Qh6 0-1

[Event "Villa Tehuelches op 5th"]
[Site "Villa Tehuelches"]
[Date "2019.07.11"]
[Round "1"]
[White "Rodriguez Vila, Andres"]
[Black "Morales Gonzalez, Rodrigo"]
[Result "1-0"]
[WhiteElo "2492"]
[BlackElo "1900"]
[PlyCount "63"]
[EventDate "2019.07.11"]
[EventType "swiss"]
[EventRounds "7"]
[EventCountry "CHI"]
[SourceTitle "CBM 191 Extra"]
[Source "ChessBase"]
[SourceDate "2019.09.30"]
[SourceVersion "1"]
[SourceVersionDate "2019.09.30"]
[SourceQuality "1"]

1. e4 e5 2. Nf3 Nc6 3. Bc4 Bc5 4. 0-0 Nf6 5. d3 d6 6. a4 a6 7. c3 Ba7 8. Na3 Be6 9. Bxe6 fxe6 10. b4 h6 11. Ra2 0-0 12. Nc4 Ne7 13. b5 c5 14. Rb2 Ng6 15. Re1 Qe7 16. Qb3 Rf7 17. b6 Bb8 18. d4 Nh5 19. dxc5 Rxf3 20. gxf3 Nhf4 21. Bxf4 Nxf4 22. Kh1 d5 23. exd5 exd5 24. Ne3 Qg5 25. Rg1 Qh5 26. Rg3 e4 27. Re2 Be5 28. fxe4 Rf8 29. exd5 Nh3 30. d6+ Kh8 31. Qd1 Qh4 32. Ng2 1-0

[Event "CHI-ch sf"]
[Site "Santiago de Chile"]
[Date "2018.12.08"]
[Round "3.5"]
[White "Morales Gonzalez, Rodrigo"]
[Black "Vergara Jofre, Felipe Andres"]
[Result "0-1"]
[WhiteElo "1943"]
[BlackElo "2231"]
[PlyCount "85"]
[EventDate "2018.12.07"]
[EventType "swiss"]
[EventRounds "8"]
[EventCountry "CHI"]
[SourceTitle "EXT 2024"]
[Source "ChessBase"]
[SourceDate "2023.10.10"]
[SourceVersion "1"]
[SourceVersionDate "2023.10.10"]
[SourceQuality "1"]

1. Nf3 Nf6 2. d4 e6 3. Bf4 d5 4. e3 c5 5. c3 Nc6 6. Nbd2 cxd4 7. exd4 Nh5 8. Bg5 f6 9. Be3 Bd6 10. Bb5 0-0 11. 0-0 Bd7 12. g3 Qe8 13. Ne1 e5 14. Ng2 g6 15. a4 Qe7 16. Nf3 e4 17. Nfe1 Bh3 18. Be2 Ng7 19. Bg4 Bxg4 20. Qxg4 f5 21. Qe2 g5 22. Qb5 f4 23. Qxd5+ Kh8 24. Bd2 Rf5 25. Qb3 e3 26. fxe3 fxg3 27. h3 Rxf1+ 28. Kxf1 Rf8+ 29. Ke2 Qe4 30. Qa2 Rf2+ 31. Kd1 Rf1 32. b4 Qxg2 33. b5 Na5 34. Kc2 Qe4+ 35. Kb2 Rf2 36. Rd1 Qxe3 37. Kc1 Rxd2 38. Rxd2 Qxe1+ 39. Kc2 Bf4 40. Rg2 Qe4+ 41. Kd1 Nf5 42. Re2 Ne3+ 43. Ke1 0-1

[Event "CHI-chT Universities"]
[Site "Punta Arenas"]
[Date "2010.10.21"]
[Round "5"]
[White "Garcia Cardenas, Pablo"]
[Black "Morales Gonzalez, Rodrigo"]
[Result "1-0"]
[WhiteElo "2316"]
[BlackElo "2084"]
[PlyCount "51"]
[EventDate "2010.10.19"]
[EventType "team-swiss"]
[EventRounds "7"]
[EventCountry "CHI"]
[SourceTitle "EXT 2012"]
[Source "ChessBase"]
[SourceDate "2011.11.24"]
[SourceVersion "1"]
[SourceVersionDate "2011.11.24"]
[SourceQuality "1"]

1. e4 d6 2. d4 Nf6 3. Nc3 g6 4. f4 Bg7 5. Nf3 0-0 6. Bd3 Na6 7. 0-0 c5 8. d5 Bg4 9. Be3 e6 10. dxe6 fxe6 11. Bc4 Nc7 12. h3 Bxf3 13. Qxf3 d5 14. exd5 exd5 15. Rad1 Kh8 16. Bxc5 Re8 17. Nxd5 Ncxd5 18. Bxd5 Nxd5 19. Qxd5 Qxd5 20. Rxd5 Re2 21. Rf2 Rxf2 22. Bxf2 Bxb2 23. Rb5 Bc1 24. Bd4+ Kg8 25. Rxb7 Rd8 26. c3 1-0

[Event "CHI-chT Universities"]
[Site "Punta Arenas"]
[Date "2010.10.21"]
[Round "6"]
[White "Morales Gonzalez, Rodrigo"]
[Black "Valenzuela Saavedra, Elias"]
[Result "1/2-1/2"]
[WhiteElo "2084"]
[BlackElo "2247"]
[PlyCount "143"]
[EventDate "2010.10.19"]
[EventType "team-swiss"]
[EventRounds "7"]
[EventCountry "CHI"]
[SourceTitle "EXT 2012"]
[Source "ChessBase"]
[SourceDate "2011.11.24"]
[SourceVersion "1"]
[SourceVersionDate "2011.11.24"]
[SourceQuality "1"]

1. e4 c5 2. Nf3 d6 3. c3 Nf6 4. g3 Nc6 5. Qe2 e5 6. d3 g6 7. Bg2 Bg7 8. 0-0 0-0 9. h3 a6 10. a4 Bd7 11. Rd1 Re8 12. Be3 Rb8 13. Qc2 Qe7 14. Bg5 h6 15. Bc1 Rec8 16. Qe2 Na5 17. Nbd2 Be6 18. c4 Qe8 19. Rf1 Nc6 20. Nb1 b5 21. axb5 axb5 22. b3 b4 23. Bb2 Ra8 24. Nbd2 Rxa1 25. Rxa1 Ra8 26. Qd1 Qc8 27. Kh2 Ra6 28. Rxa6 Qxa6 29. Qa1 Qxa1 30. Bxa1 h5 31. Bf1 Bh6 32. Be2 g5 33. Nf1 g4 34. hxg4 Bxg4 35. Kg2 h4 36. gxh4 Nh5 37. N1h2 Nf4+ 38. Kf1 Bxf3 39. Nxf3 Na5 40. Bb2 Nxb3 41. Bd1 Na5 42. Ne1 Ne6 43. Nf3 Nd4 44. Nxd4 cxd4 45. Ke2 Nb7 46. Ba4 Nc5 47. Bd1 Bf4 48. Bc2 b3 49. Bd1 Na4 50. Ba3 b2 51. Bc2 Kf8 52. Bxd6+ Kg7 53. c5 Nc3+ 54. Kf3 Kf6 55. h5 b1Q 56. Bxb1 Nxb1 57. c6 Ke6 58. c7 Kd7 59. h6 Bxh6 60. Bxe5 Nd2+ 61. Kg4 Nb3 62. Kf5 Bd2 63. Kf6 Bc3 64. Kxf7 Nc5 65. f4 Nxd3 66. Bd6 Ba5 67. e5 Nxf4 68. e6+ Nxe6 69. c8Q+ Kxc8 70. Kxe6 Kb7 71. Kd5 Bb6 72. Ke4 1/2-1/2

[Event "CHI-chT Universities"]
[Site "Punta Arenas"]
[Date "2010.10.19"]
[Round "1"]
[White "Morales Gonzalez, Rodrigo"]
[Black "Valdes Escobar, Alvaro Daniel"]
[Result "1/2-1/2"]
[WhiteElo "2084"]
[BlackElo "2347"]
[PlyCount "90"]
[EventDate "2010.10.19"]
[EventType "team-swiss"]
[EventRounds "7"]
[EventCountry "CHI"]
[SourceTitle "EXT 2012"]
[Source "ChessBase"]
[SourceDate "2011.11.24"]
[SourceVersion "1"]
[SourceVersionDate "2011.11.24"]
[SourceQuality "1"]

1. e4 c5 2. Nf3 Nc6 3. Bb5 Na5 4. c3 a6 5. Ba4 b5 6. Bc2 d5 7. d4 dxe4 8. Bxe4 Bb7 9. Bxb7 Nxb7 10. dxc5 Nxc5 11. Qxd8+ Rxd8 12. Ke2 Nf6 13. Be3 e6 14. Bxc5 Bxc5 15. b4 Bb6 16. a4 Ne4 17. Rf1 Ke7 18. axb5 axb5 19. Ra6 Rb8 20. Ne5 Rhc8 21. Rc1 f6 22. Nd3 Rc6 23. f3 Nd6 24. Nd2 Rbc8 25. Nb3 Nb7 26. Nd2 Nd6 27. Nb3 Nb7 28. Nd2 e5 29. g4 Ke6 30. h3 g6 31. Ne4 h6 32. Nd2 Bd8 33. Rca1 Bc7 34. Nb3 Bd6 35. Rxc6 Rxc6 36. Kd2 Kd7 37. Ra7 Rc7 38. Ra6 h5 39. Rb6 f5 40. g5 e4 41. fxe4 fxe4 42. Ndc5+ Nxc5 43. Nxc5+ Bxc5 44. bxc5 Rxc5 45. Rxg6 e3+ 1/2-1/2

[Event "Santiago CALF op"]
[Site "Santiago de Chile"]
[Date "2003.??.??"]
[Round "5.3"]
[White "Morales Gonzalez, Rodrigo"]
[Black "Torres, Gonzalo"]
[Result "1-0"]
[WhiteElo "2086"]
[BlackElo "1776"]
[PlyCount "55"]
[EventDate "2003.??.??"]
[EventType "swiss"]
[EventRounds "9"]
[EventCountry "CHI"]
[SourceTitle "EXT 2004"]
[Source "ChessBase"]
[SourceDate "2003.11.25"]
[SourceVersion "1"]
[SourceVersionDate "2003.11.25"]
[SourceQuality "1"]

1. e4 c6 2. Nc3 d5 3. Nf3 dxe4 4. Nxe4 Bf5 5. Ng3 Bg6 6. h4 h6 7. Ne5 Qd6 8. Nxg6 Qxg6 9. d4 Qd6 10. c3 Nf6 11. Bc4 e6 12. Qf3 Qd8 13. Bf4 Be7 14. 0-0-0 Nbd7 15. Nh5 Rg8 16. Bg3 a5 17. Nf4 Nd5 18. Nxd5 cxd5 19. Bb5 a4 20. Kb1 Ra5 21. c4 Rxb5 22. cxb5 Nb6 23. Qd3 Nc4 24. Rc1 a3 25. b3 Nb2 26. Qc3 Kd7 27. Qc7+ Ke8 28. Qxb7 1-0